Countries With Multiple L’s - Statistics

General Stats
  • This quiz has been taken 26 times
  • The average score is 4 of 5
Answer Stats
Continent Country % Correct
Oceania Marshall Islands
92%
Oceania Solomon Islands
88%
Africa Seychelles
80%
North America El Salvador
68%
Africa Central African Republic
40%
No matching quizzes found
Score Distribution
Percent of People with Each Score
Percentile by Number Answered
Your Score History
You have not taken this quiz